000 00806nas a2200265 4500
001 BR0303974
003 BR-BrBNA
005 20231205103950.0
007 ta
008 230509b bl.|||p| |||| 00| 00por d
040 _aBR-BrBNA
_bpor
_cBiblioteca Nacional de Agricultura
041 _a(Pt)
072 _aH60
100 1 _aSkóra Neto, F.
245 1 _aUso de caracteres fenológicos do milho como indicadores do início da interferência causada por plantas daninhas
650 _aMILHO
650 _aERVA DANINHA
650 _aCOMPETIÇÃO DE VARIEDADE
650 _aALTURA
650 _aDIÂMETRO
650 _aFOLHA
773 0 _tPlanta Daninha (Brazil)
_xISSN 0100-8358
_g(Jan-Apr 2003), v. 21(1) p. 81-87
_wBR0303974
909 _a202311
_bLúcia
_c55
_dLúcia Elande
942 _2AGRIS
_n0
_cANA
999 _c175696
_d175696